Communes du Haut-Rhin (68) de plus de 10000 habitants - Statistiques

Statistiques générales
  • Ce quiz a été pris 47 fois
  • Le résultat moyen est 7 sur 12
Statistiques - réponses
Habitants Communes % Correct
67360 (préfecture) Colmar
100%
104924 Mulhouse
100%
22530 Saint-Louis
88%
15491 Wittenheim
69%
11737 Cernay
56%
15115 Illzach
56%
13265 Kingersheim
56%
11090 Guebwiller
50%
12154 Riedisheim
41%
10364 Wittelsheim
41%
14125 Rixheim
38%
10275 Pfastatt
34%
Aucun quiz correspondant
Distribution des résultats
% des personnes avec chaque résultat
Percentile par nombre de réponses
Votre historique - résultats
Vous n’avez pas pris ce quiz